Procesos de configuración territorial en el área de influencia del Parque Nacional Natural Tuparro (Registro nro. 5300)

Detalles MARC
000 -CABECERA
Campo de control 00586nam a2200181 a 4500
005 - FECHA Y HORA DE LA ULTIMA TRANSACCION
Campo de control 20141204120827.0
008 - ELEMENTOS DE LONGITUD FIJA—INFORMACION GENERAL
Campo de control 140127b2006 ck ||||| |||| 00| 0 spa d
040 ## - FUENTE DE CATALOGACIÓN
Agencia transcriptora CO-BoIH
041 ## - IDIOMA
Código de idioma para texto/pista de sonido o título separado Español
044 ## - PAÍS DE PUBLICACIÓN
País de publicación Colombia
090 ## - CLASIFICACIÓN LOCAL
Colección IAVH
Consecutivo 00534
100 ## - ASIENTO PRINCIPAL--NOMBRE PERSONAL
Nombre personal Beltrán Sánchez, Eduard Andrés
245 ## - MENCION DE TITULO
Título Procesos de configuración territorial en el área de influencia del Parque Nacional Natural Tuparro
260 ## - PUBLICACION, DISTRIBUCION, ETC. (PIE DE IMPRENTA)
Lugar de publicación, distribución, etc. Bogotá
Nombre del editor, distribuidor, etc. COLCIENCIAS
-- Instituto Alexander von Humboldt
-- Universidad Nacional de Colombia
Fecha de publicación, distribución, etc. 2006
300 ## - DESCRIPCION FISICA
Extensión 72 p.
942 ## - ELEMENTOS ADICIONALES (KOHA)
Tipo de ítem Informe Técnico
Sistema de clasificación Local
945 ## - PROCESAMIENTO LOCAL
AAAA-MM-DD - Fecha de ingreso o modificacion 2006-09-28
Existencias
Withdrawn status Lost status Sistema de Clasificación Damaged status No para préstamo Colección Inventariado Ubicación Permanente Ubicación actual Fecha de adquisición Total Checkouts Número topográfico Inventario / Código de Barras Date last seen Ejemplar Price effective from Forma de adquisición Tipo de material
    Local     Humboldt Inventariado 2017 Bogotá Bogotá 28/09/2006   IAVH-00534 023352 09/08/2024 Ej. 1 04/12/2012   Informe Técnico